Statistics for LA Noire Cases

Click here to take the quiz!

General Stats

  • This quiz has been taken 16 times
  • The average score is 7 of 26

Answer Stats

HintAnswer% Correct
Traffic (DLC)A Slip Of The Tongue
67%
Traffic (Extra)The Consul's Car
67%
PatrolBuyer Beware
50%
Vice (DLC)Reefer Madness
50%
HomicideThe White Shoe Slaying
50%
ArsonHouse Of Sticks
33%
HomicideThe Golden Butterfly
33%
ViceThe Set Up
33%
HomicideThe Studio Secretary Murder
33%
PatrolUpon Reflection
33%
ArsonA Different Kind Of War
17%
TrafficA Marriage Made In Heaven
17%
ArsonA Polite Invitation
17%
PatrolArmed and Dangerous
17%
ArsonA Walk In Elysian Fields
17%
ViceManifest Destiny
17%
Arson (DLC)Nicholson Electroplating
17%
TrafficThe Drivers Seat
17%
TrafficThe Fallen Idol
17%
ArsonThe Gas Man
17%
HomicideThe Quarter Moon Murders
17%
HomicideThe Red Lipstick Murder
17%
ViceThe Black Caeser
0%
Vice (DLC)The Naked City
0%
HomicideThe Silk Stocking Muder
0%
PatrolWarrants Outstanding
0%

Score Distribution

Percentile by Number Answered

Percent of People with Each Score

Your Score History

You have not taken this quiz